000 00408nam a2200169Ia 4500
008 230524s9999 xx 000 0 und d
082 _a621.382
_bKUM
100 _aBalbir Kumar
245 0 _aElectronic Devices and Circuits
250 _a1ST
260 _aNEW DELHI
_bPHI
_c2007
300 _aXII;710
500 _aQuantity Number: 2
650 _aElectronics
700 _a Shail B.Jain
942 _cBK
999 _c36838
_d36838